Cross-border mergers and acquisitions in banking industry diplomová práca

Guardado en:
Detalles Bibliográficos
Autor principal: Eckstein, Ryan
Autor Corporativo: Ekonomická univerzita v Bratislave. Ústav medzinárodných programov
Otros Autores: Ferenčíková, Soňa, 1960-
Formato: Libro
Lenguaje:inglés
Publicado: Bratislava 2012
Etiquetas: Agregar Etiqueta
Sin Etiquetas, Sea el primero en etiquetar este registro!

MARC

LEADER 00000nam$a2200000$$$4500
001 0157619
005 20240318114213.9
041 0 |a eng 
044 |a SK 
245 1 0 |a Cross-border mergers and acquisitions in banking industry  |b diplomová práca  |c Ryan Eckstein ; školiteľ: Soňa Ferenčíková 
264 1 |a Bratislava  |c 2012 
300 |a 78 s. 
100 1 |a Eckstein, Ryan 
700 1 |a Ferenčíková, Soňa, 1960- 
710 2 |a Ekonomická univerzita v Bratislave. Ústav medzinárodných programov